| 000 | 00508nam a2200145 a 4500 | ||
|---|---|---|---|
| 008 | 120416s1964 ||||||||||||||||| || u | ||
| 050 | _aNA 7451 Eng | ||
| 100 | _aEngel, Heinvich | ||
| 245 | 1 | 4 | _aThe Japanese house |
| 246 | _aa tradition for contemporary architecture | ||
| 260 |
_aTokyo _bTuttle _c1964 |
||
| 300 | _a495p. : ill. | ||
| 350 | _a0.00 | ||
| 995 |
_D0.00 _FCBU-MAIN LIBRARY (Kitwe) _H1 _I0.00 _M1 _UAVAILABLE _ZAnnex Low-Usage Collection |
||
| 999 |
_c48438 _d48438 |
||